| 000 | 01185cam a2200301 a 4500 | ||
|---|---|---|---|
| 001 | 16962245 | ||
| 003 | OSt | ||
| 005 | 20180117085940.0 | ||
| 008 | 110914s2012 nyu b 001 0 eng | ||
| 010 | _a 2011038062 | ||
| 020 | _a9780415871013 (hardcover : alk. paper) | ||
| 020 | _a9780415871020 (pbk. : alk. paper) | ||
| 040 |
_aDLC _cDLC _dDLC |
||
| 042 | _apcc | ||
| 050 | 0 | 0 |
_aLB3430 _b.B74 2012 |
| 082 | 0 | 0 |
_a371.7/13 _223 |
| 100 | 1 | _aBrent, Shawna S. | |
| 245 | 1 | 2 |
_aA guide to psychiatric services in schools : _bunderstanding roles, treatment, and collaboration / _cShawna S. Brent. |
| 260 |
_aNew York, NY : _bBrunner-Routledge, _cc2012. |
||
| 300 |
_axvii, 298 p. ; _c23 + _e1 CD-ROM (4 3/4in.) |
||
| 504 | _aIncludes bibliographical references (p. 263-274) and index. | ||
| 650 | 0 |
_aStudents _xMental health services. |
|
| 650 | 0 | _aChild psychiatry. | |
| 906 |
_a7 _bcbc _corignew _d1 _eecip _f20 _gy-gencatlg |
||
| 942 |
_2ddc _cBK |
||
| 999 |
_c2411 _d2411 |
||